000 00926cam a22002533a 4500
001 19758
003 PGUSA
005 20140828083422.0
008 061111s2006||||xxu|||||s|||||000 | eng d
040 _aPGUSA
_beng
042 _adc
050 4 _aHE
100 1 _aUnited States. Council of National Defense. Highways Transport Committee
245 1 0 _aAddress by Honorable William C. Redfield, Secretary of Commerce at Conference of Regional Chairmen of the Highways Transport Committee Council of National Defense
_h[electronic resource] /
_cUnited States. Council of National Defense. Highways Transport Committee
260 _bProject Gutenberg,
_c2006
506 _aPublic domain in the USA.
516 _aElectronic text
653 _aRoads
653 _aTrucking
653 _aTransportation, Automotive
830 0 _aProject Gutenberg
_v19758
856 4 0 _uhttp://www.gutenberg.org/ebooks/19758
942 _cEB
999 _c249013
_d249013